All The Difficulties In Geometry Dash - Statistics

General Stats
  • This quiz has been taken 15 times
  • The average score is 9 of 12
Answer Stats
Difficulty % Correct
Easy
100%
Auto
85%
Hard
85%
Normal
85%
Easy Demon
77%
Hard Demon
77%
Insane
77%
Insane Demon
77%
Extreme Demon
69%
Harder
69%
Medium Demon
69%
NA
69%
No matching quizzes found
Score Distribution
Percent of People with Each Score
Percentile by Number Answered
Your Score History
You have not taken this quiz